Statistiken für Die 60 höchst-bewertesten EA Sports FC 24 Goldkarten

Klicken Sie hier um das Quiz zu spielen!

Allgemein

  • Dieses Quiz wurde 181 mal gespielt
  • Das Durchschnittsergebnis liegt bei 27 aus 60

Antwortstatistiken

HintAntwort% Korrekt
90Lionel Messi
97%
91Kylian Mbappé
96%
91Erling Haaland
94%
91Kevin de Bruyne
86%
87Manuel Neuer
83%
87Heung Min Son
80%
89Vini Jr.
80%
90Harry Kane
79%
88Ederson
74%
88Joshua Kimmich
72%
90Robert Lewandowski
71%
89Rodri
71%
89Virgil van Dijk
70%
89Alisson
67%
90Karim Benzema
67%
90Thibaut Courtois
67%
89Marc-André ter Stegen
66%
89Mohamed Salah
65%
89Rúben Dias
63%
91Alexia Putellas
62%
89Neymar Jr
62%
87Luka Modrić
60%
90Aitana Bonmatí
50%
88Bernardo Silva
49%
87Martin Ødegaard
49%
88Alexandra Popp
47%
88Jan Oblak
47%
87Gregor Kobel
43%
88Bruno Fernandes
42%
89Casemiro
41%
87Lautaro Martinez
41%
90Sam Kerr
38%
90Caroline Graham Hansen
35%
87Lena Oberdorf
35%
88Antoine Griezmann
33%
88Federico Valverde
33%
87Frenkie de Jong
31%
87Gianluigi Donnarumma
29%
88Irene Paredes
28%
88Victor Osimhen
28%
87Marquinhos
27%
89Alex Morgan
26%
88Sophia Smith
24%
88Wendie Renard
23%
89Mapi León
22%
87Mike Maignan
22%
87Lucy Bronze
20%
89Ada Hegerberg
19%
89Kadidiatou Diani
19%
88Marie Katoto
19%
87Sandra Paños
18%
87Ewa Pajor
17%
87Lina Magull
17%
87Beth Mead
15%
88Christiane Endler
15%
87Fridolina Rolfö
15%
88Guro Reiten
14%
88Patri Guijarro
13%
87Rose Lavelle
8%
88Debinha
7%

Verteilung der Resultate

Perzentil nach korrekt beantworteten Fragen

Anzahl Personen mit jedem Resultat

Ihre Resultats-Entwicklung

Sie haben dieses Quiz noch nicht gespielt